• 首页
  • 本馆介绍
  • 公告通知
  • 最新文献
  • 馆藏检索
  • 电子资源
  • 读者导购
  • 参考咨询
  • 我的图书馆
  • 登录
  • 详细信息显示
  • 放入我的书架
  • 预约/预借图书
  • 作者相关作品
  • 分类相关作品
  • 丛书相关作品
  • 出版社相关作品

书目信息

  • 表格格式
  • 工作单格式
  • 卡片格式
题名:
淘宝中国
    
 
作者: 乐耕耘 编著
分册:  
出版信息: 北京   红旗出版社  2014
页数: 215页
开本: 24cm
丛书名:
单 册:
中图分类: F762.7
科图分类:
主题词: 特产--介绍--中国 , 特产
电子资源:
ISBN: 978-7-5051-2914-6
000 00952nam0 2200241 450
001 012001002435
005 20140926114740.0
010    @a978-7-5051-2914-6@dCNY29.80
100    @a20140727d2014 em y0chiy50 ea
101 0  @achi
102    @aCN@b110000
105    @aa z 000yy
106    @ar
200 1  @a淘宝中国@9tao bao zhong guo@f乐耕耘编著
210    @a北京@c红旗出版社@d2014
215    @a215页@c彩图@d24cm
330    @a本书对祖国各地民俗物品的特征、品类、分布和历史情况进行了详尽的描述。在文化大发展的时代潮流中,我们应当更加关注祖国的传统文化,将其深入挖掘,创新,发扬光大。正是出于这种心情,我们搜罗了祖国各地极具代表性的民俗物品对其进行解读,并配以上百种图片便于读者更清晰,更方便地了解民俗文化,除此之外,此书对于文物爱好者来讲也有一定的研读价值。
606 0  @a特产@x介绍@y中国
606 0  @a特产
690    @aF762.7@v5
701  0 @a乐耕耘@9le geng yun@4编著
801  0 @aCN@b上海新华@c20180901
905    @b1158015-9@dF762.7@e60@f5
    
    淘宝中国/乐耕耘编著.-北京:红旗出版社,2014
    215页:彩图;24cm
    
    
    ISBN 978-7-5051-2914-6:CNY29.80
    本书对祖国各地民俗物品的特征、品类、分布和历史情况进行了详尽的描述。在文化大发展的时代潮流中,我们应当更加关注祖国的传统文化,将其深入挖掘,创新,发扬光大。正是出于这种心情,我们搜罗了祖国各地极具代表性的民俗物品对其进行解读,并配以上百种图片便于读者更清晰,更方便地了解民俗文化,除此之外,此书对于文物爱好者来讲也有一定的研读价值。
●
相关链接 在E读中查询图书 在五车中查询图书 在当当中查询图书 在豆瓣中查询图书


正题名:淘宝中国     索取号:F762.7/60         预约/预借

序号 登录号 条形码 馆藏地/架位号 状态 备注
1 1158015   211580154   第一样本阅览室/ [索取号:F762.7/60] 在馆    
2 1158016   211580163   第一借阅区/ [索取号:F762.7/60] 在馆    
3 1158017   211580172   密集书库-海洋学院/ [索取号:F762.7/60] 在馆    
4 1158018   211580181   第一借阅区/ [索取号:F762.7/60] 在馆    
5 1158019   211580190   第一借阅区/ [索取号:F762.7/60] 在馆    
唐山师范学院图书馆 欢迎您!
大连网信软件有限公司© 版权所有